Statistics for Famous Football Players Picture Quiz - Spain

Click here to take the quiz!

General Stats

  • This quiz has been taken 566 times
    (328 since last reset)
  • The average score is 13 of 15

Answer Stats

Answer% Correct
Andrés Iniesta
98%
Xavier Hernández
97%
Gerard Piqué
96%
Sergio Ramos
96%
Carles Puyol
94%
Sergio Busquets
94%
Jordi Alba
89%
Xabi Alonso
89%
Fernando Torres
88%
Iker Casillas
88%
Alvaro Morata
85%
David Villa
85%
Raúl González
84%
Diego Costa
83%
Koke
75%

Score Distribution

Percentile by Number Answered

Percent of People with Each Score

Your Score History

You have not taken this quiz since the last reset